| 000 | 00668nam a2200181Ia 4500 | ||
|---|---|---|---|
| 008 | 100920s9999 xx 000 0 und d | ||
| 082 |
_b106900 _a891.43 न 09 |
||
| 100 | _aसिंहल सचिन. | ||
| 245 | _a1000 इतिहास प्रश्रोत्तरी. | ||
| 260 |
_bसत्ससाहित्य प्रकाशन, दिल्ली. _c2009 |
||
| 300 |
_a168 _bसाधी |
||
| 365 | _b175 | ||
| 520 | _aहिंदी. | ||
| 630 | _a1000 इतिहास प्रश्रोत्तरी. | ||
| 650 | _aहिंदी. | ||
| 730 | _a1000 इतिहास प्रश्रोत्तरी. | ||
| 942 | _cBOOK | ||
| 999 |
_c747324 _d747321 |
||